[Event "Berkshire Berks & Bucks op-C"]
[Site "Berkshire"]
[Date "2023.08.27"]
[Round "4"]
[White "Carter, Lance G"]
[Black "Belur, Ankita"]
[Result "1-0"]
[WhiteElo "1506"]
[BlackElo "1442"]
[PlyCount "49"]
[EventDate "2023.08.26"]
[EventType "swiss"]
[EventRounds "6"]
[EventCountry "ENG"]
[SourceTitle "EXT 2024"]
[Source "ChessBase"]
[SourceDate "2023.10.10"]
[SourceVersion "1"]
[SourceVersionDate "2023.10.10"]
[SourceQuality "1"]

1. d4 Nf6 2. c4 d6 3. Nc3 g6 4. e4 Bg7 5. Nge2 0-0 6. f3 c5 7. d5 Nbd7 8. g4 Ne5 9. Ng3 e6 10. Be2 Ne8 11. f4 Nd7 12. Be3 Nb6 13. Qc2 Nc7 14. 0-0-0 exd5 15. cxd5 Re8 16. h4 Bd7 17. h5 Nc8 18. hxg6 hxg6 19. f5 b5 20. Bh6 Bxh6+ 21. Rxh6 Qg5+ 22. Qd2 Qxd2+ 23. Kxd2 Nb6 24. Rdh1 Kf8 25. f6 1-0